000 00212 a2200097 4500
001 58289
100 _a
245 _aAakhiri commander inchief
260 _aLahore
_bDost Publishers
_c1999
090 _c35784
_d35784
942 _aNUST-CAE
_c
_c28651
999 _c293362
_d293362